00350nam a2200133Ia 450000500170000000800410001704100080005808200160006610000370008224500220011926000540014130000090019565000120020420250729165754.0250729s2012 xx 000 0 und d aeng a530.25 COMB aCommisionarate of Pre University aBiology - I P U C aBangalorebCommisionarate of Pre Universityc2012 a134p aBiology